[Event "11th WUCC Men"]
[Site "Zuerich SUI"]
[Date "2010.09.08"]
[Round "5"]
[White "Markos,J"]
[Black "Burg,T"]
[Result "1/2-1/2"]
[WhiteElo "2566"]
[BlackElo "2455"]
[EventDate "2010.09.05"]

1. d4 d5 2. c4 c6 3. Nc3 Nf6 4. e3 g6 5. Nf3 Bg7 6. Be2 O-O 7. O-O dxc4 8.
Bxc4 Nbd7 9. e4 b5 10. Bd3 e5 11. dxe5 Ng4 12. Be2 Ndxe5 13. Nxe5 Nxe5 14.
Be3 Qe7 15. Qc2 Ng4 16. Bf4 Rd8 17. h3 Ne5 18. Rae1 Be6 19. Bc1 a5 20. Kh2
Rab8 21. f4 b4 22. Na4 b3 23. axb3 Bxb3 24. Qc5 Qc7 25. fxe5 Bxe5+ 26. Kh1
Bxa4 27. Bc4 Rd7 28. Bxf7+ Rxf7 29. Rxf7 Kxf7 30. Qc4+ Kg7 31. Qxa4 Qb6 32.
Rf1 Qb3 33. Qxa5 Qg3 34. Qa7+ Kh8 35. Qg1 Qd3 36. Qf2 Bg7 37. Qf3 Qb5 38.
Qd1 Re8 39. b3 Qe5 40. Bd2 h5 41. Qc1 Rd8 42. Bg5 Rd3 43. Bh6 Qxe4 44.
Bxg7+ Kxg7 45. Qa1+ Qd4 46. Qa8 Rd1 47. Qf8+ Kh7 48. Qf7+ Kh6 49. Qf8+ Kh7
50. Qf7+ 1/2-1/2

[Event "11th WUCC Men"]
[Site "Zuerich SUI"]
[Date "2010.09.08"]
[Round "5"]
[White "Ahmadinia,E"]
[Black "Popovic,Du"]
[Result "1/2-1/2"]
[WhiteElo "2436"]
[BlackElo "2565"]
[EventDate "2010.09.05"]

1. e4 c5 2. c3 d6 3. d4 Nf6 4. Bd3 Qc7 5. Nf3 g6 6. O-O Bg7 7. h3 O-O 8.
Re1 Nfd7 9. Bg5 Nc6 10. d5 Nce5 11. Bf1 Nxf3+ 12. Qxf3 e5 13. Be7 Re8 14.
Bh4 f6 15. Nd2 Rf8 16. Nc4 Rf7 17. Ne3 Nf8 18. Bd3 Bd7 19. a4 b6 20. Qe2 f5
21. f3 f4 22. Nf1 g5 23. Bf2 a5 24. Bb5 Bc8 25. b4 Qd8 26. Rab1 h5 27. Nh2
Raa7 28. Rb2 Bf6 29. bxa5 bxa5 30. Bc6 Rg7 31. Rb8 Nd7 32. Rb3 Nf8 33. Reb1
g4 34. fxg4 hxg4 35. Nxg4 Bxg4 36. hxg4 Bh4 37. Rb7 Bxf2+ 38. Kxf2 Qh4+ 39.
Kg1 Raxb7 40. Rxb7 Rxg4 41. Bd7 Nxd7 42. Rxd7 Qg3 43. Rd8+ Kg7 44. Rd7+ Kg8
45. Rd8+ Kf7 46. Rd7+ Kf8 47. Rxd6 Rg5 48. Qf2 Qd3 49. Rh6 Qxe4 50. d6 Qd5
51. d7 Qd1+ 52. Kh2 Rh5+ 53. Rxh5 Qxh5+ 54. Kg1 Qd1+ 55. Kh2 Qh5+ 56. Kg1
Qd1+ 57. Kh2 Qh5+ 58. Kg1 Qd1+ 59. Kh2 Qh5+ 1/2-1/2

[Event "11th WUCC Men"]
[Site "Zuerich SUI"]
[Date "2010.09.08"]
[Round "5"]
[White "Papin,V"]
[Black "Erdene,G"]
[Result "1-0"]
[WhiteElo "2534"]
[BlackElo "2323"]
[EventDate "2010.09.05"]

1. Nf3 Nf6 2. c4 g6 3. Nc3 d5 4. cxd5 Nxd5 5. Qa4+ Bd7 6. Qb3 Nxc3 7. Qxc3
f6 8. e4 Nc6 9. Bc4 e5 10. O-O Bb4 11. Qc2 Qe7 12. a3 Bc5 13. d3 O-O-O 14.
Be3 Bxe3 15. fxe3 Be6 16. Rac1 Kb8 17. b4 Bxc4 18. Qxc4 Rhe8 19. Rc3 Qe6
20. Nd2 Qxc4 21. Nxc4 Re6 22. Kf2 Ne7 23. Ke2 Nc8 24. Rfc1 Rd7 25. Nd2 Nd6
26. a4 f5 27. Rf1 b6 28. h3 Kb7 29. exf5 gxf5 30. Rf2 Rg7 31. e4 Reg6 32.
Kf1 Rg3 33. exf5 e4 34. f6 Rf7 35. Ke2 e3 36. Rf3 Rxf3 37. Nxf3 Rxf6 38.
Kxe3 Nf5+ 39. Kf4 Nd6+ 40. Ke3 Nf5+ 41. Kf2 Nd4 42. Rc4 Nxf3 43. gxf3 c6
44. Re4 h6 45. Re7+ Ka6 46. Ke3 Rg6 47. f4 Rg3+ 48. Ke4 b5 49. axb5+ Kxb5
50. f5 Rxh3 51. f6 Rh4+ 52. Ke5 Rh1 53. Rb7+ Ka4 54. f7 Rf1 55. Ke6 h5 56.
Rxa7+ Kxb4 57. Ra8 1-0

[Event "11th WUCC Men"]
[Site "Zuerich SUI"]
[Date "2010.09.08"]
[Round "5"]
[White "Mohajerin Esfahani,Peyman"]
[Black "Megaranto,S"]
[Result "1-0"]
[WhiteElo "2366"]
[BlackElo "2516"]
[EventDate "2010.09.05"]

1. e4 b6 2. d4 Bb7 3. Bd3 e6 4. Nd2 c5 5. c3 cxd4 6. cxd4 Ne7 7. Ne2 d5 8.
e5 Qd7 9. O-O Ba6 10. Bxa6 Nxa6 11. Nf3 Nf5 12. g4 Ne7 13. Ng3 h5 14. Nxh5
O-O-O 15. Bg5 Kb7 16. Rc1 Re8 17. a3 Nb8 18. b4 Nbc6 19. Qd3 Nf5 20. Rc3
Be7 21. Rfc1 Nb8 22. Qc2 Na6 23. Qd2 Bxg5 24. Qxg5 Nh6 25. h3 Reg8 26. Kg2
b5 27. Rc6 Qxc6 28. Rxc6 Kxc6 29. Qe7 Nc7 30. Nd2 Re8 31. Qd6+ Kb7 32. Nb3
1-0

[Event "11th WUCC Men"]
[Site "Zuerich SUI"]
[Date "2010.09.08"]
[Round "5"]
[White "Sulashvili,M"]
[Black "Kuipers,S"]
[Result "1-0"]
[WhiteElo "2500"]
[BlackElo "2370"]
[EventDate "2010.09.05"]

1. Nf3 d5 2. c4 c6 3. e3 Nf6 4. d4 g6 5. Nc3 Bg7 6. h3 O-O 7. Bd3 dxc4 8.
Bxc4 Nbd7 9. O-O Ne8 10. e4 Nd6 11. Bb3 b5 12. e5 Nc4 13. a4 Ba6 14. Bxc4
bxc4 15. e6 Nb6 16. exf7+ Rxf7 17. Qe2 h6 18. Qe4 Qd6 19. Ne5 Rf6 20. a5
Nd7 21. Re1 Re6 22. f4 Rd8 23. Be3 Nf8 24. Na4 Qd5 25. Qc2 Rf6 26. Nc3 1-0

[Event "11th WUCC Men"]
[Site "Zuerich SUI"]
[Date "2010.09.08"]
[Round "5"]
[White "Bueno,Alfe"]
[Black "Mekhitarian,K"]
[Result "0-1"]
[WhiteElo "2292"]
[BlackElo "2550"]
[EventDate "2010.09.05"]

1. e4 c5 2. Nc3 Nc6 3. g3 g6 4. Bg2 Rb8 5. d3 b5 6. Be3 b4 7. Nce2 Bg7 8.
b3 Bxa1 9. Qxa1 e5 10. Bxc5 d6 11. Be3 f6 12. f4 Nge7 13. Nf3 O-O 14. O-O
Qc7 15. fxe5 fxe5 16. Bh6 Bg4 17. Bxf8 Qb6+ 18. Kh1 Rxf8 19. Qc1 Bxf3 20.
Bxf3 Nd4 21. Nxd4 exd4 22. Bg4 Qd8 23. Kg2 Nc6 24. Be6+ Kg7 25. Rf4 Ne5 26.
Qa1 Rf6 27. Bh3 Qc7 28. Rxf6 Kxf6 29. Qf1+ Ke7 30. Qf2 Qc3 31. g4 g5 32.
Kg3 Ng6 33. Bf1 Nf4 34. h4 h6 35. Kf3 Qa1 36. Kg3 Kf6 37. hxg5+ hxg5 38.
Bg2 Ke5 39. Bf3 Qc1 40. Qh2 Qe1+ 41. Qf2 Qxf2+ 42. Kxf2 Ne6 43. Kg3 Nc7 44.
Be2 Nb5 45. Kf3 Nc3 46. Bf1 a5 47. Kg3 Nd1 48. Kf3 Ne3 49. Be2 Nxc2 50. Bd1
Na3 51. Be2 Nb5 52. Bd1 Nc3 53. Bc2 Nxa2 54. Kg3 Nc3 55. Kf3 Nb5 56. Kg3
Nc7 57. Kf3 Ne6 58. Kg3 Nc5 0-1

[Event "11th WUCC Men"]
[Site "Zuerich SUI"]
[Date "2010.09.08"]
[Round "5"]
[White "Swinkels,R"]
[Black "Nestorovic,N"]
[Result "0-1"]
[WhiteElo "2478"]
[BlackElo "2420"]
[EventDate "2010.09.05"]

1. e4 e5 2. Nf3 Nc6 3. Bb5 a6 4. Bxc6 dxc6 5. O-O f6 6. d4 exd4 7. Nxd4 c5
8. Ne2 Qxd1 9. Rxd1 Bd7 10. Be3 O-O-O 11. Nbc3 b6 12. a4 a5 13. Rd2 Re8 14.
Rad1 Bc6 15. f3 Ne7 16. Nb5 Bxb5 17. axb5 Ng6 18. c4 Ne5 19. b3 Bd6 20. Nc3
Kb7 21. Kf2 Rhf8 22. g4 g6 23. Bh6 Rf7 24. h4 g5 25. Rh1 Rg8 26. h5 a4 27.
Nxa4 Re7 28. Ra1 Nf7 29. Rda2 Be5 30. Nxc5+ bxc5 31. Ra7+ Kc8 32. Ra8+ Kd7
33. Rd1+ Bd4+ 34. Rxd4+ cxd4 35. Rxg8 Nxh6 36. Rh8 Rg7 37. b4 Nf7 38. Rf8
Ne5 39. c5 Rf7 40. c6+ Ke6 41. Rd8 d3 42. Ke3 Re7 43. Rh8 h6 44. Rxh6 Re8
45. b6 cxb6 46. c7 Rc8 47. Rh7 d2 48. Kxd2 Nxf3+ 49. Ke3 Ne5 50. h6 Nf7 0-1

[Event "11th WUCC Men"]
[Site "Zuerich SUI"]
[Date "2010.09.08"]
[Round "5"]
[White "Gaehler,M"]
[Black "Kurmann,O"]
[Result "0-1"]
[WhiteElo "2289"]
[BlackElo "2452"]
[EventDate "2010.09.05"]

1. g3 e5 2. Bg2 Nc6 3. Nc3 f5 4. d3 Bc5 5. Nf3 d5 6. Nxe5 Bxf2+ 7. Kxf2
Nxe5 8. Nxd5 Ng4+ 9. Kg1 c6 10. Nc3 N8f6 11. h3 Qb6+ 12. d4 Nh6 13. Kh2 Nf7
14. Rf1 Be6 15. Na4 Qc7 16. Nc5 Qe7 17. Rf3 O-O-O 18. Nxe6 Qxe6 19. b4 Rhe8
20. b5 cxb5 21. Bf4 Nd5 22. Qd3 Nxf4 23. Rxf4 Nd6 24. Re1 Kb8 25. a4 bxa4
26. d5 Qd7 27. Ra1 Ne4 28. c4 Nc5 29. Qf3 Re5 30. Rf1 g6 31. g4 Rde8 32.
Qg3 Qc7 33. Bf3 fxg4 34. Bxg4 Re3 35. R1f3 Rxe2+ 36. Kg1 g5 37. Rf7 Re1+
38. Qxe1 Rxe1+ 39. Kf2 Qe5 0-1

[Event "11th WUCC Men"]
[Site "Zuerich SUI"]
[Date "2010.09.08"]
[Round "5"]
[White "Munkhgal,G"]
[Black "Darini,P"]
[Result "1/2-1/2"]
[WhiteElo "2288"]
[BlackElo "2430"]
[EventDate "2010.09.05"]

1. d4 d5 2. c4 c6 3. Nf3 Nf6 4. e3 e6 5. Nbd2 c5 6. b3 cxd4 7. exd4 dxc4 8.
bxc4 Nc6 9. Bb2 Bb4 10. Bd3 Bc5 11. Nb3 Bb4+ 12. Nbd2 O-O 13. O-O b6 14.
Ne4 Be7 15. Qe2 Bb7 16. Rac1 Nb4 17. Nxf6+ Bxf6 18. Bb1 Rc8 19. Rfd1 Qe7
20. Nd2 Rfd8 21. Ne4 Bxe4 22. Qxe4 g6 23. Qf3 Bg7 24. Qb3 Nc6 25. Ba3 Qh4
26. d5 Na5 27. Qf3 Nxc4 28. dxe6 fxe6 29. g3 Qg5 30. Rxd8+ Qxd8 31. Qe2 Ne5
32. Rd1 Qf6 33. Be4 Nc4 34. Rc1 b5 35. Bd3 Qe5 36. Qg4 Qd5 37. Be4 Qd7 38.
Rd1 Qf7 39. Bc1 Rf8 40. Qe2 Qc7 41. Bf4 Be5 42. Bh6 Bg7 43. Bf4 Be5 44. Bh6
Rd8 45. Rxd8+ Qxd8 46. Qg4 Qf6 47. h4 Bd4 48. Qe2 Nd6 49. Bc6 Nf5 50. Bf4
e5 51. Bd5+ Kf8 52. Bg5 Qd6 53. Qxb5 Bb6 54. Kg2 h6 55. Bd2 a6 56. Qc4 Kg7
57. Bb4 Qf6 58. Qxa6 Nxh4+ 59. Kh1 Nf5 60. Qb7+ Kh8 61. Qb8+ Qd8 62. Qxe5+
Kh7 63. Kg2 Bxf2 64. Kxf2 Qb6+ 65. Kg2 Qxb4 66. Qc7+ Kh8 67. Qc8+ Kg7 68.
Qb7+ Qxb7 69. Bxb7 Nd6 70. Bc6 Kf6 71. a4 Nc4 72. Bb5 Na5 73. Kf3 Ke5 74.
Kg4 Nb7 75. Bc6 Na5 76. Be8 Kf6 77. Bb5 h5+ 78. Kf4 g5+ 79. Ke4 Ke6 80. Be2
h4 81. g4 h3 82. Kf3 Kd6 83. Kg3 Kc5 84. Kxh3 Nc6 85. Kg3 Kb4 86. Kf3 Ne5+
87. Ke4 Nxg4 88. Bxg4 Kxa4 1/2-1/2

[Event "11th WUCC Men"]
[Site "Zuerich SUI"]
[Date "2010.09.08"]
[Round "5"]
[White "Panjwani,R"]
[Black "Ma Yu"]
[Result "1/2-1/2"]
[WhiteElo "2429"]
[BlackElo "2332"]
[EventDate "2010.09.05"]

1. d4 d5 2. c4 c6 3. Nc3 Nf6 4. e3 e6 5. Nf3 Nbd7 6. Qc2 Bd6 7. b3 O-O 8.
Be2 Re8 9. O-O Qe7 10. Rd1 b6 11. Bb2 Bb7 12. Rac1 Rac8 13. Qb1 c5 14. dxc5
Nxc5 15. cxd5 Nxd5 16. Nxd5 Bxd5 17. Qa1 f6 18. Nd4 Kh8 19. Bb5 Red8 20. f3
a6 21. Bf1 b5 22. g3 Qf7 23. Bg2 Bb7 24. e4 e5 25. Nf5 Bf8 26. Qb1 Qe6 27.
Kh1 Qb6 28. Rxd8 Rxd8 29. Rd1 Ne6 30. Rxd8 Qxd8 31. Qc2 Bc5 32. Bh3 Ba7 33.
Bc1 g6 34. Ne3 Bxe3 35. Bxe3 Nd4 36. Qd2 1/2-1/2

[Event "11th WUCC Men"]
[Site "Zuerich SUI"]
[Date "2010.09.08"]
[Round "5"]
[White "Surya,W"]
[Black "Purnama,T"]
[Result "0-1"]
[WhiteElo "2233"]
[BlackElo "2400"]
[EventDate "2010.09.05"]

1. d4 Nf6 2. Nf3 g6 3. Nc3 d5 4. Bg5 Ne4 5. Bf4 Bg7 6. Qd3 Nc6 7. Nb5 O-O
8. c3 a6 9. Na3 f6 10. Nd2 e5 11. Nxe4 dxe4 12. Qc4+ Kh8 13. dxe5 f5 14.
Qc5 Qe8 15. O-O-O b6 16. Qe3 Nxe5 17. f3 Be6 18. b3 a5 19. Rd2 Qe7 20. Nb1
a4 21. Bxe5 Bxe5 22. b4 Rfd8 23. f4 Rxd2 24. Nxd2 Bf6 25. a3 c5 0-1

[Event "11th WUCC Men"]
[Site "Zuerich SUI"]
[Date "2010.09.08"]
[Round "5"]
[White "Pacher,M"]
[Black "Akkozov,B"]
[Result "1/2-1/2"]
[WhiteElo "2449"]
[BlackElo "2283"]
[EventDate "2010.09.05"]

1. e4 c5 2. Nf3 d6 3. d4 cxd4 4. Nxd4 Nf6 5. Nc3 Nc6 6. Bc4 Qb6 7. Nxc6
bxc6 8. O-O e6 9. Qe2 Nd7 10. a4 a5 11. Ra3 Ne5 12. Rb3 Qc7 13. Bd3 Be7 14.
f4 Nxd3 15. cxd3 O-O 16. Be3 Rb8 17. Rxb8 Qxb8 18. g4 Ba6 19. g5 Qd8 20.
Rf3 f5 21. h4 c5 22. Bf2 fxe4 23. Qxe4 Bc8 24. d4 d5 25. Qe2 c4 26. f5 exf5
27. Qe5 Kh8 28. Bg3 Bb4 29. Re3 Bxc3 30. bxc3 f4 31. Bxf4 Qd7 32. Bg3 Qg4
33. Qxd5 Qd1+ 34. Re1 Qd3 35. Bf2 Qd2 36. Qg2 Qxc3 37. h5 Bh3 38. Qg3 Qxg3+
39. Bxg3 c3 40. Bd6 Rc8 41. Bc5 c2 42. Rc1 Bf5 43. Kf2 Rb8 44. Ke3 Rb1 45.
Kd2 Kg8 46. d5 Kf7 47. Bd4 Rxc1 48. Kxc1 Bd7 49. Kxc2 Bxa4+ 50. Kc3 Bd1 51.
h6 gxh6 52. gxh6 Ke7 1/2-1/2

[Event "11th WUCC Men"]
[Site "Zuerich SUI"]
[Date "2010.09.08"]
[Round "5"]
[White "Hoffmann,Pau"]
[Black "Viela,A"]
[Result "1/2-1/2"]
[WhiteElo "2372"]
[BlackElo "2224"]
[EventDate "2010.09.05"]

1. g3 c5 2. Bg2 Nc6 3. d3 d5 4. Nd2 e5 5. e4 Nf6 6. Ngf3 Be7 7. exd5 Nxd5
8. Nc4 f6 9. O-O O-O 10. Ne3 Be6 11. Re1 Qd7 12. Nd2 Rad8 13. Ndc4 Nd4 14.
a4 b6 15. b3 Rfe8 16. Bb2 Nxe3 17. Nxe3 Nf5 18. Bh3 Nxe3 19. Bxe6+ Qxe6 20.
Rxe3 Qd5 21. Qg4 Bd6 22. Rae1 Re7 23. Bc3 Rde8 24. Qc4 Qxc4 25. bxc4 a5 26.
Kg2 Kf7 27. Bb2 Rd8 28. Ba3 Red7 29. Re4 Bc7 30. Bb2 Bb8 31. Rh4 h6 32.
Rhe4 Bc7 33. Kh3 Bb8 34. Kg4 h5+ 35. Kh4 Rh8 36. Bc3 Bc7 37. Kh3 Rhd8 38.
Rh4 Rh8 39. Rhe4 Rhd8 40. Kg2 Bd6 41. Kf3 Bc7 42. Ke2 Bd6 43. f3 Bc7 44.
Kf2 Rh8 45. Kg2 Bd6 46. Rh4 Rdd8 47. Rhe4 Rd7 48. Bd2 Bc7 49. Bc1 Rd4 50.
R4e2 h4 51. f4 hxg3 52. hxg3 Rd7 53. fxe5 Bxe5 54. Bf4 Bxf4 55. gxf4 g6 56.
Re6 Rb8 57. Kf2 Rbb7 58. Rc6 Rdc7 59. Rce6 Re7 60. Rxe7+ 1/2-1/2

[Event "11th WUCC Men"]
[Site "Zuerich SUI"]
[Date "2010.09.08"]
[Round "5"]
[White "Wyss,J"]
[Black "Botvinnik,M ISR"]
[Result "1-0"]
[WhiteElo "2270"]
[BlackElo "2337"]
[EventDate "2010.09.05"]

1. e4 c5 2. Nf3 Nc6 3. d4 cxd4 4. Nxd4 Qc7 5. Nc3 e6 6. Be3 a6 7. Bd3 Nf6
8. O-O h5 9. h3 b5 10. Nxc6 Qxc6 11. Be2 b4 12. e5 bxc3 13. exf6 cxb2 14.
Rb1 Rb8 15. Bf3 Qc7 16. Bd4 Rg8 17. Bxb2 gxf6 18. Qd3 f5 19. Qc3 Bc5 20.
Ba1 Bb7 21. Qb3 Rg3 22. Qb2 Rxf3 23. Qh8+ Bf8 24. Bg7 Ke7 25. Bf6+ Ke8 26.
gxf3 Qf4 27. Be5 Qg5+ 28. Kh2 d6 29. Bxd6 Kd7 30. Bxb8 Bxf3 31. Qd4+ Bd5
32. Rg1 1-0

[Event "11th WUCC Men"]
[Site "Zuerich SUI"]
[Date "2010.09.08"]
[Round "5"]
[White "Otte,Mari"]
[Black "Poobalasingam,P"]
[Result "0-1"]
[WhiteElo "2264"]
[BlackElo "2330"]
[EventDate "2010.09.05"]

1. e4 e6 2. d4 d5 3. Nd2 Nf6 4. e5 Nfd7 5. c3 c5 6. Ngf3 Nc6 7. Bd3 g6 8.
Bc2 b6 9. a3 a5 10. Nf1 Bg7 11. h4 h6 12. Ne3 Ba6 13. Ng4 Qc7 14. Bf4 O-O-O
15. Qd2 g5 16. hxg5 hxg5 17. Bh2 cxd4 18. cxd4 Nxd4 19. Nxd4 Bxe5 20. Bd3
Bxd3 21. Qxd3 Nc5 22. Qf3 Bxh2 23. Nb5 Qd7 24. Nc3 Bf4 25. Rxh8 Rxh8 26. g3
Bd2+ 27. Ke2 Bxc3 28. Qxc3 Qb5+ 29. Kf3 Rd8 30. Rd1 Qb3 31. Qxb3 Nxb3 32.
Nf6 Kc7 33. Kg4 Kd6 34. Kxg5 Rc8 35. Rd3 a4 36. Ne4+ Ke5 37. Nc3 Rg8+ 38.
Kh4 d4 39. Nxa4 Nc5 40. Nxc5 bxc5 41. f3 c4 42. Rd2 d3 43. b3 Kd4 44. bxc4
Kc3 45. Rd1 d2 46. g4 Kc2 47. Ra1 d1=Q 48. Rxd1 Kxd1 49. f4 Ke2 0-1

[Event "11th WUCC Men"]
[Site "Zuerich SUI"]
[Date "2010.09.08"]
[Round "5"]
[White "Kumar,Ve"]
[Black "Hindermann,F"]
[Result "0-1"]
[WhiteElo "1983"]
[BlackElo "2303"]
[EventDate "2010.09.05"]

1. e4 e6 2. Nc3 d5 3. Nf3 Nf6 4. e5 Nfd7 5. d4 c5 6. dxc5 Nc6 7. Bf4 Nxc5
8. Bd3 Nxd3+ 9. Qxd3 Bc5 10. O-O Bd7 11. Rad1 Rc8 12. Rfe1 Ne7 13. g4 Qb6
14. Bg3 Qxb2 15. Rb1 Qxc3 16. Qxc3 Bxf2+ 17. Bxf2 Rxc3 18. Nd4 b6 19. Rb3
Rc4 20. c3 Nc6 21. h3 Na5 22. Ra3 O-O 23. Kg2 Rfc8 24. Re3 R8c7 25. Rxa5
bxa5 26. Be1 Rb7 27. Kg3 Rb2 0-1

[Event "11th WUCC Men"]
[Site "Zuerich SUI"]
[Date "2010.09.08"]
[Round "5"]
[White "Kalugampitiya,R"]
[Black "Nadj Hedjesi,B"]
[Result "0-1"]
[WhiteElo "2095"]
[BlackElo "2407"]
[EventDate "2010.09.05"]

1. d4 Nf6 2. c4 e6 3. Nf3 b6 4. a3 Bb7 5. Nc3 d5 6. cxd5 Nxd5 7. Qc2 Nxc3
8. bxc3 c5 9. e4 Be7 10. Bd3 Nc6 11. Bb2 Rc8 12. Qe2 O-O 13. O-O Na5 14.
Rad1 c4 15. Bc2 f6 16. d5 e5 17. Nh4 Bd6 18. f4 exf4 19. e5 fxe5 20. Qh5 h6
21. Bf5 Qg5 22. Be6+ Kh7 23. Qxg5 hxg5 24. Nf3 Kg6 25. Rfe1 Kf6 26. Re2
Rce8 27. Rde1 Rxe6 28. dxe6 Bxf3 29. gxf3 Kxe6 30. a4 g4 31. Kg2 g5 32. Rd1
Bc5 33. Red2 gxf3+ 34. Kxf3 Kf5 35. Rd7 Nc6 36. Rc7 g4+ 0-1

[Event "11th WUCC Men"]
[Site "Zuerich SUI"]
[Date "2010.09.08"]
[Round "5"]
[White "Kukov,V"]
[Black "Fernando,SK Akila"]
[Result "1-0"]
[WhiteElo "2395"]
[BlackElo "2053"]
[EventDate "2010.09.05"]

1. d4 Nf6 2. Bg5 Ne4 3. Bf4 c5 4. f3 Nf6 5. d5 Qb6 6. Bc1 e6 7. e4 exd5 8.
exd5 Bd6 9. Qe2+ Kd8 10. Qc4 Re8+ 11. Ne2 Qc7 12. Nbc3 a6 13. Qh4 Be7 14.
Qg3 Qxg3+ 15. hxg3 b5 16. Bf4 d6 17. a3 Bb7 18. O-O-O Nbd7 19. b4 Nb6 20.
bxc5 dxc5 21. d6 Bf8 22. Bg5 h6 23. Bxf6+ gxf6 24. Nf4 Kd7 25. Bd3 Bxd6 26.
Be4 Bc6 27. Rxh6 Kc7 28. Bxc6 Kxc6 29. Rxf6 Rad8 30. Ne4 Nc4 31. Rd5 Rh8
32. Rh5 Rxh5 33. Nxh5 Kd5 34. Rxf7 a5 35. Nf4+ Bxf4+ 36. Rxf4 Nxa3 37. Rf5+
Kd4 38. Nxc5 Rc8 39. Nb3+ Ke3 40. Rc5 Ra8 41. Nd2 Kf2 42. g4 a4 43. g5 b4
44. g6 Rg8 45. Rg5 Ke2 46. g7 Rc8 47. Re5+ Kf2 48. Ne4+ Kf1 49. Rc5 1-0

[Event "11th WUCC Men"]
[Site "Zuerich SUI"]
[Date "2010.09.08"]
[Round "5"]
[White "Costa,JoaoG"]
[Black "Herath,H"]
[Result "1-0"]
[WhiteElo "2186"]
[BlackElo "1884"]
[EventDate "2010.09.05"]

1. f4 e5 2. fxe5 d6 3. e6 Bxe6 4. Nf3 Be7 5. e4 g5 6. Nd4 Qd7 7. Bb5 c6 8.
Be2 Bf6 9. Nxe6 Qxe6 10. d3 Nd7 11. c3 Ne5 12. O-O h5 13. d4 Ng4 14. h3
N4h6 15. Bxh5 Be7 16. Bf3 Qg6 17. Qe2 O-O-O 18. d5 cxd5 19. exd5 f5 20. Bh5
Qg7 21. Re1 Rh7 22. Qe6+ Kb8 23. Bg6 Rh8 24. Bxg5 Re8 25. Bxe7 Qxe7 26. Na3
Qxe6 27. Rxe6 Rxe6 28. dxe6 1-0

[Event "11th WUCC Men"]
[Site "Zuerich SUI"]
[Date "2010.09.08"]
[Round "5"]
[White "Koggala,W"]
[Black "Soozankar,Amohammad"]
[Result "0-1"]
[WhiteElo "2026"]
[BlackElo "2299"]
[EventDate "2010.09.05"]

1. d4 Nf6 2. Bf4 c5 3. c3 Qb6 4. Qb3 Qxb3 5. axb3 cxd4 6. Bxb8 Rxb8 7. Rxa7
dxc3 8. Nxc3 d5 9. e3 e6 10. Nf3 Bc5 11. Ra1 Ne4 12. Bb5+ Ke7 13. Nxe4 dxe4
14. Nd2 f5 15. Ke2 Rd8 16. Rhc1 Bb6 17. b4 Bd7 18. Bxd7 Rxd7 19. Nc4 Bc7
20. Rd1 Rxd1 21. Kxd1 Kd7 22. b5 Rd8 23. Kc2 Kc8 24. Ra8+ Bb8 25. h3 Kc7
26. b3 g5 27. g3 h5 28. Ra4 Rd5 29. b6+ Kc6 30. Ra8 Rd8 31. Ra5 Bd6 32. Ra1
Bc5 33. Ra4 Bxb6 34. Nxb6 Kxb6 35. Rb4+ Kc6 36. Ra4 Rh8 37. Ra1 h4 38. Rg1
hxg3 39. Rxg3 Rh5 40. Kc3 Kd6 41. f3 f4 42. exf4 gxf4 0-1

[Event "11th WUCC Men"]
[Site "Zuerich SUI"]
[Date "2010.09.08"]
[Round "6"]
[White "Khmelniker,I"]
[Black "Benidze,D"]
[Result "1/2-1/2"]
[WhiteElo "2483"]
[BlackElo "2504"]
[EventDate "2010.09.05"]

1. d4 Nf6 2. c4 e6 3. Nf3 Bb4+ 4. Bd2 Bxd2+ 5. Qxd2 d5 6. Nc3 O-O 7. e3 Qe7
8. Rc1 Rd8 9. Be2 dxc4 10. Bxc4 c5 11. O-O Nc6 12. Rfd1 b6 13. Qe2 cxd4 14.
Nxd4 Bb7 1/2-1/2

[Event "11th WUCC Men"]
[Site "Zuerich SUI"]
[Date "2010.09.08"]
[Round "6"]
[White "Ponkratov,P"]
[Black "Ismagambetov,An"]
[Result "1/2-1/2"]
[WhiteElo "2592"]
[BlackElo "2492"]
[EventDate "2010.09.05"]

1. e4 e5 2. Nc3 Nc6 3. Bc4 Nf6 4. d3 Bc5 5. Bg5 h6 6. Be3 Bb6 7. Nge2 d6 8.
O-O Be6 9. Nd5 O-O 10. Nxb6 axb6 11. Ng3 Qd7 12. Bb5 d5 13. f3 Qd6 14. Bxc6
Qxc6 15. Qe2 1/2-1/2

[Event "11th WUCC Men"]
[Site "Zuerich SUI"]
[Date "2010.09.08"]
[Round "6"]
[White "Nikolov,Mo"]
[Black "Gundavaa,B"]
[Result "1-0"]
[WhiteElo "2549"]
[BlackElo "2460"]
[EventDate "2010.09.05"]

1. d4 Nf6 2. c4 e6 3. Nc3 Bb4 4. Qc2 O-O 5. a3 Bxc3+ 6. Qxc3 d5 7. e3 b6 8.
Nf3 c5 9. b3 cxd4 10. exd4 Bb7 11. Be2 dxc4 12. bxc4 Qc7 13. Bb2 Nbd7 14.
O-O Rac8 15. Rac1 Qf4 16. Qd2 Qc7 17. h3 Rfd8 18. Qe3 Re8 19. Rfd1 Nf8 20.
Ne5 Ng6 21. f4 Nh4 22. g4 Qd8 23. Kh2 b5 24. d5 exd5 25. cxb5 Qa5 26. Qd4
Ng6 27. Rxc8 Rxc8 28. Bd3 Nf8 29. f5 Ne8 30. g5 Qc7 31. Rc1 Qd8 32. Rxc8
Bxc8 33. h4 Qa5 34. Qc3 Qa4 35. Qxc8 Qxh4+ 36. Kg2 Qxg5+ 37. Kf3 Qh5+ 38.
Ke3 Nd6 39. Qc2 Qg5+ 40. Kd4 h5 41. Qf2 Qd8 42. Kc3 Nxb5+ 43. Kb3 Nd6 44.
Qxa7 h4 45. Qe3 Qc8 46. Qh3 Nb7 47. Ka2 Nc5 48. Bc2 Ne4 49. Bb3 Nf6 50. Nf3
N8d7 51. Qxh4 Nc5 52. Bxf6 Nxb3 53. Kxb3 Qxf5 54. Nd4 Qd3+ 55. Kb2 gxf6 56.
Qxf6 Qd2+ 57. Nc2 Qd3 58. a4 Qc4 59. Qd4 Qc6 60. a5 Qb5+ 61. Qb4 Qe2 62.
Qb6 Qe5+ 63. Kb3 Qg3+ 64. Qe3 Qb8+ 65. Nb4 Qb5 66. Qg5+ Kf8 67. Qxd5 Qf1
68. a6 Qb1+ 69. Kc4 Qf1+ 70. Kc5 Qf2+ 71. Kc6 1-0

[Event "11th WUCC Men"]
[Site "Zuerich SUI"]
[Date "2010.09.08"]
[Round "6"]
[White "Papin,V"]
[Black "Jurcik,Mari"]
[Result "1/2-1/2"]
[WhiteElo "2534"]
[BlackElo "2466"]
[EventDate "2010.09.05"]

1. Nf3 d5 2. d4 Nf6 3. c4 dxc4 4. e3 Bg4 5. Bxc4 e6 6. Nc3 a6 7. h3 Bh5 8.
O-O Nc6 9. Be2 Bd6 10. Kh1 O-O 11. e4 Bxf3 12. Bxf3 e5 13. d5 Nd4 14. Be3
Nxf3 15. Qxf3 Nd7 16. Rac1 Qe7 17. Qe2 g6 18. Qc2 Qh4 19. f3 f5 20. exf5
gxf5 21. Qd2 Nf6 22. Bg5 Qh5 23. f4 e4 24. Bxf6 1/2-1/2

[Event "11th WUCC Men"]
[Site "Zuerich SUI"]
[Date "2010.09.08"]
[Round "6"]
[White "Mohajerin Esfahani,Peyman"]
[Black "Sulashvili,M"]
[Result "1/2-1/2"]
[WhiteElo "2366"]
[BlackElo "2500"]
[EventDate "2010.09.05"]

1. e4 c5 2. c3 e6 3. d4 Nf6 4. Bd3 Nc6 5. Nf3 cxd4 6. cxd4 Bb4+ 7. Nc3 d5
8. e5 Ne4 9. O-O Nxc3 10. bxc3 Bxc3 11. Rb1 Bb4 12. Ng5 Be7 13. Qh5 g6 14.
Qg4 h5 15. Qg3 Rg8 16. Nf3 Nb4 17. Rb3 Nxd3 18. Rxd3 b6 19. Re1 Ba6 20. Ra3
Bxa3 21. Bxa3 g5 22. h4 g4 23. Ng5 Qd7 24. Nh7 O-O-O 25. Nf6 Qa4 26. Rc1+
Bc4 27. Nxg8 Rxg8 28. Bd6 Rd8 29. Qf4 Qd7 30. Qf6 Rg8 31. Rc3 Qe8 32. Qh6
Rh8 33. Qg5 a5 34. a3 Kb7 35. f3 Rg8 36. Qxh5 g3 37. Qh6 Rh8 38. Qf4 Qa4
39. Rc1 Qb3 40. Be7 Qb2 41. Qe3 Ka6 42. Bf6 Rh5 43. Bg5 Rh8 44. Bf6 Rh5 45.
Bg5 b5 46. f4 b4 47. axb4 axb4 48. Rd1 Qc2 49. Ra1+ Kb5 50. Qxg3 Rh8 51.
Qe1 Qb2 52. Qd1 Bb3 53. Qd3+ Bc4 54. Qd1 Bb3 55. Qd3+ Bc4 56. Qd1 Bb3 57.
Qd3+ Bc4 1/2-1/2

[Event "11th WUCC Men"]
[Site "Zuerich SUI"]
[Date "2010.09.08"]
[Round "6"]
[White "Pruijssers,R"]
[Black "Markos,J"]
[Result "1/2-1/2"]
[WhiteElo "2483"]
[BlackElo "2566"]
[EventDate "2010.09.05"]

1. e4 c5 2. Nf3 Nc6 3. d4 cxd4 4. Nxd4 Nf6 5. Nc3 e5 6. Ndb5 d6 7. Bg5 a6
8. Na3 b5 9. Bxf6 gxf6 10. Nd5 Bg7 11. Bd3 Ne7 12. Nxe7 Qxe7 13. c3 f5 14.
Nc2 Qg5 15. O-O f4 16. Be2 O-O 17. a4 Bb7 18. f3 bxa4 19. Rxa4 a5 20. Bc4
Qd8 21. Kh1 Qb6 22. Ra2 Rac8 23. b3 Kh8 24. Qd3 f5 25. Be6 fxe4 26. fxe4 d5
27. exd5 Rcd8 28. Ne1 Rf6 29. Qc2 Bxd5 30. Bxd5 Rxd5 31. c4 Rd8 32. Nf3 Rg6
33. Re1 Rb8 34. Qe4 Qc6 35. Qxc6 Rxc6 36. Rxa5 Bf6 37. Nd2 e4 38. Rxe4 Bc3
39. Rd5 Bxd2 40. Rxd2 Rxb3 41. Kg1 f3 42. g3 Kg7 43. Kf2 Rc3 44. Rd7+ Kg6
45. Rg4+ Kf5 46. Rf4+ Kg6 47. Rg4+ Kf5 48. Rf4+ Kg6 49. Rff7 Ra6 50. Rg7+
Kf6 51. Rdf7+ Ke6 52. Ra7 Rd6 53. Rae7+ Kf6 54. Rgf7+ Kg6 55. Rg7+ Kf6 56.
Ref7+ Ke6 57. Rxf3 Rc2+ 58. Kg1 Rd1+ 59. Rf1 Rxf1+ 60. Kxf1 Rxh2 61. Rg4 h5
62. Re4+ Kf5 63. Rf4+ Kg5 64. Rf2 Rh1+ 65. Kg2 Rc1 66. Rf4 Rc2+ 67. Kh3 Kg6
68. Rd4 Kf6 69. Rd6+ Ke7 70. Rc6 Kd7 71. Rc5 Kd6 72. Rxh5 Rxc4 73. Rf5 Ke6
74. g4 Rc8 75. Kg3 Ra8 76. Kh4 Rh8+ 77. Kg5 Rg8+ 78. Kf4 Ra8 79. Kg3 Rg8
80. Rf1 Ke7 81. Rf2 Ke6 82. Rf3 Ke7 83. Rf1 Ke6 84. Rf4 Ke5 85. Rf7 Ke6 86.
Rf3 Ke7 87. Rf4 Ke6 88. Kh4 Ke5 89. Rf7 Rh8+ 90. Kg5 Rg8+ 91. Kh4 Rh8+ 92.
Kg3 Rg8 93. Rf5+ Ke6 94. Kh4 Rh8+ 95. Rh5 Rg8 96. Rh6+ Kf7 97. Kh5 Ra8 98.
Rh7+ Kg8 99. Re7 Ra6 100. Kg5 Kf8 101. Rd7 Kg8 102. Kf5 Ra5+ 103. Kg6 Ra6+
104. Kh5 Ra5+ 105. g5 Ra6 106. Rb7 Rc6 107. g6 Rc1 1/2-1/2